| 000 | 00000cam 2200000zi 4500 |
| 001 | 9.956314 |
| 003 | CaOODSP |
| 005 | 20251209082234 |
| 006 | m o d f |
| 007 | cr |n||||||||| |
| 008 | 251014e202511 mbcbd ob f000 0 eng d |
| 020 | |a9780660793320 |
| 040 | |aCaOODSP|beng|erda|cCaOODSP |
| 043 | |an-cn--- |
| 086 | 1 |aFs70-7/2025-032E-PDF |
| 245 | 00|aEastern Canada-West Greenland bowhead whale population abundance and limit reference point. |
| 246 | 37|aEastern Canada-West Greenland bowhead population abundance and LRP |
| 264 | 1|aWinnipeg : |bCanadian Science Advisory Secretariat, |cNovember 2025. |
| 264 | 4|c©2025 |
| 300 | |a1 online resource (16 pages) : |bmaps, graphs. |
| 336 | |atext|btxt|2rdacontent |
| 337 | |acomputer|bc|2rdamedia |
| 338 | |aonline resource|bcr|2rdacarrier |
| 490 | 1 |aScience response, |x1919-3769 ; |v2025/032 |
| 500 | |aIssued also in French under title: Points de référence limites pour la population de baleines boréales de l’est du Canada et de l’ouest du Groenland. |
| 500 | |aCaption title. |
| 504 | |aIncludes bibliographical references (pages 14-15). |
| 650 | 0|aWhale populations|xEstimates|zNorth Atlantic Ocean. |
| 650 | 0|aBowhead whale hunting|zNorth Atlantic Ocean. |
| 710 | 1 |aCanada. |bDepartment of Fisheries and Oceans. |bArctic Region, |eissuing body. |
| 710 | 2 |aCanadian Science Advisory Secretariat, |eissuing body. |
| 775 | 08|tPoints de référence limites pour la population de baleines boréales de l’est du Canada et de l’ouest du Groenland.|w(CaOODSP)9.956313 |
| 830 | #0|aScience response (Canadian Science Advisory Secretariat)|v2025/032.|w(CaOODSP)9.506232 |
| 856 | 40|qPDF|s1.01 MB|uhttps://publications.gc.ca/collections/collection_2025/mpo-dfo/fs70-7/Fs70-7-2025-032-eng.pdf |